000 00841nam a22002417a 4500
005 20080811141834.0
008 080811t xxu||||| |||| 00| 0 eng d
010 _aENG-90700
020 _a9788184350425
_c695.00
035 _aEN-74233
037 _bDBAD / PUB
040 _aDPL
_bENGLISH
082 _a305.4
100 _aBarik, S.
245 _aGender mainstreaming and issues /
_cby S. Barik
260 _aNew Delhi
_bAdhyayan Publishers & Distributors
_c2008
300 _avi, 261p.
_c22 cm.(Hb)
500 _aIncludes and index
650 _aFeminism
_zIndia
650 _aWomen in development
_zIndia
942 _2ddc
_cEN
_h305.42
_mBAR
999 _c14794
_d14794